L'évolution du droit (Record no. 156329)

MARC details
000 -LEADER
campo de control de longitud fija 00739nam a2200205 i 4500
001 - NÚMERO DE CONTROL
campo de control 156329
003 - IDENTIFICADOR DE NÚMERO DE CONTROL
campo de control ES-MaACL
005 - FECHA Y HORA DE LA ÚLTIMA TRANSACCIÓN
campo de control 20250809062540.0
008 - DATOS DE LONGITUD FIJA--INFORMACIÓN GENERAL
campo de control de longitud fija 020708s1901 fr |||| | fre d
040 ## - FUENTE DE CATALOGACIÓN
Centro catalogador/agencia de origen CCPB | B
Lengua de catalogación spa
Centro/agencia transcriptor CCPB | B
100 1# - ENTRADA PRINCIPAL--NOMBRE DE PERSONA
Nombre de persona Jhering, Rudolf von.
9 (RLIN) 128302
245 12 - MENCIÓN DEL TÍTULO
Título L'évolution du droit
Resto del título : Zweck im Recht /
Mención de responsabilidad, etc. Rud. von Jhering ; traduit sur la 3e éd. allemande par O. de Meulenaere.
260 ## - PUBLICACIÓN, DISTRIBUCIÓN, ETC.
Lugar de publicación, distribución, etc. Paris :
Nombre del editor, distribuidor, etc. A. Marescq, aîne Chevalier-Marescq et C\pie\s,
Fecha de publicación, distribución, etc. 1901 (
Lugar de fabricación/manufactura Gand :
Fabricante Hoste)
300 ## - DESCRIPCIÓN FÍSICA
Extensión VIII, 400 p. ;
Dimensiones 24 cm.
650 #7 - PUNTO DE ACCESO ADICIONAL DE MATERIA--TÉRMINO DE MATERIA
Término de materia o nombre geográfico como elemento de entrada Derecho
Fuente del encabezamiento o término embne
9 (RLIN) 11602
700 1# - ENTRADA AGREGADA--NOMBRE PERSONAL
Nombre de persona Meulenaere, O. de.
9 (RLIN) 129879
852 ## - LOCALIZACIÓN
Ubicación ES-MaACL
Número de control de estantería G-15199
Nota libre -- Enc. pasta española
Holdings
Estatus retirado Estado de pérdida Estado de daño No para préstamo Biblioteca de origen Biblioteca actual Ubicación en estantería Fecha de adquisición Fuente de adquisición Total de préstamos Signatura topográfica completa Código de barras Visto por última vez Precio de reemplazo Tipo de ítem Koha
        Biblioteca del Ateneo de Madrid Biblioteca del Ateneo de Madrid Sala Pecera Planta 3 17/01/2008     G-15199 1163552 23/02/2023 23/02/2023 Libro impreso antiguo